000
00315nam a2200121Ia 4500
008
190216s9999||||xx |||||||||||||| ||und||
100
_a
Kumar Pillai
245
2
_a
A Book Of Modern Short Stories
260
_b
The Macmillian Co. Of India Ltd
_c
1990
300
_a
94p
650
_a
English Short Stories
942
_c
BK
999
_c
13009
_d
13009